000 00788nam a2200241Ia 4500
003 OSt
005 20220926005432.0
006 a|||||r|||| 00| 0
007 ta
008 220923b |||||||| |||| 00| 0 eng d
020 _a9788132209805
_c7194.1999999999998
037 _b39020, 21/10/2013, Segment Book Distrobutors
_cGeneral Book
040 _aRTL
_cRTL
_beng
041 _2eng
_aeng
082 _aX:75.2.N9, Q3
100 _aGHOSH Madhusudan
_9300193
245 0 _aLiberalization, growth and regional disparities in India
260 _a New Delhi
_bSpringer
_c2013
300 _axvii, 223p
_ccm.
650 _aGeography
942 _hX:75.2.N9, Q3
_cGB
_2CC
999 _c613858
_d613858